书目信息 |
| 题名: |
乙烯及其部分衍生物工业基础
|
|
| 作者: | 安钢 主编 | |
| 分册: | ||
| 出版信息: | 北京 化学工业出版社 2008 |
|
| 页数: | 437页 | |
| 开本: | 21cm | |
| 丛书名: | ||
| 单 册: | ||
| 中图分类: | TQ221.21 | |
| 科图分类: | ||
| 主题词: | 乙烯--生产工艺 , 乙烯--衍生物--生产工艺 , 乙烯 , 衍生物 | |
| 电子资源: | ||
| ISBN: | 978-7-122-01431-3 | |
| 000 | 01047nam0 2200265 45 | |
| 001 | 1032970046 | |
| 005 | 20100407100338.00 | |
| 010 | @a978-7-122-01431-3@dCNY36.00 | |
| 100 | @a20100330d2008 em y0chiy50 ea | |
| 101 | 0 | @achi |
| 102 | @aCN@b110000 | |
| 105 | @ay z 000yy | |
| 106 | @ar | |
| 200 | 1 | @a乙烯及其部分衍生物工业基础@AYi Xi Ji Qi Bu Fen Yan Sheng Wu Gong Ye Ji Chu@f安钢主编@FAn Gang Zhu Bian |
| 210 | @a北京@c化学工业出版社@d2008 | |
| 215 | @a437页@d21cm | |
| 330 | @a本书分5篇共17章,比较全面地介绍了乙烯及衍生物中聚乙烯、环氧乙烷和乙二醇、苯和甲苯、C8芳烃异构产品的性质、用途、工业发展历程、生产原理及基本工艺方法,并针对与乙烯工业相关的化工过程设计、化工工艺图绘制、化工过程计算、换热器和板式精馏塔及反应器工艺设计、化工自动控制基础及系统设计、化学品危害及防护作了具体阐述。 | |
| 606 | 0 | @a乙烯@x生产工艺 |
| 606 | 0 | @a乙烯@x衍生物@x生产工艺 |
| 606 | 0 | @a乙烯 |
| 606 | 0 | @a衍生物 |
| 690 | @aTQ221.21@v4 | |
| 701 | 0 | @a安钢@AAn Gang@4主编 |
| 801 | 0 | @aCN@bTANGWEI@c20100407 |
| 905 | @b0586846-50@dTQ221.21@e24@f5 | |
| 乙烯及其部分衍生物工业基础/安钢主编.-北京:化学工业出版社,2008 |
| 437页;21cm |
| ISBN 978-7-122-01431-3:CNY36.00 |
| 本书分5篇共17章,比较全面地介绍了乙烯及衍生物中聚乙烯、环氧乙烷和乙二醇、苯和甲苯、C8芳烃异构产品的性质、用途、工业发展历程、生产原理及基本工艺方法,并针对与乙烯工业相关的化工过程设计、化工工艺图绘制、化工过程计算、换热器和板式精馏塔及反应器工艺设计、化工自动控制基础及系统设计、化学品危害及防护作了具体阐述。 |
| ● |
| 相关链接 |
|
|
|
|
正题名:乙烯及其部分衍生物工业基础
索取号:TQ221.21/24
 
预约/预借
| 序号 | 登录号 | 条形码 | 馆藏地/架位号 | 状态 | 备注 |
| 1 | 0586846 | 205868462 | 第二样本阅览室/ [索取号:TQ221.21/24] | 在馆 | |
| 2 | 0586847 | 205868471 | 第三借阅区/ [索取号:TQ221.21/24] | 在馆 | |
| 3 | 0586848 | 205868480 | 第三借阅区/ [索取号:TQ221.21/24] | 在馆 | |
| 4 | 0586849 | 205868499 | 第三借阅区/ [索取号:TQ221.21/24] | 在馆 | |
| 5 | 0586850 | 205868505 | 第三借阅区/ [索取号:TQ221.21/24] | 在馆 |